A tribute to Jack Johnson (Record no. 93)

MARC details
000 -LEADER
fixed length control field 01488cjm a2200421 a 4500
001 - CONTROL NUMBER
control field 5673906
005 - DATE AND TIME OF LATEST TRANSACTION
control field 20200421093818.0
007 - PHYSICAL DESCRIPTION FIXED FIELD--GENERAL INFORMATION
fixed length control field sduzunznnmlne
008 - FIXED-LENGTH DATA ELEMENTS--GENERAL INFORMATION
fixed length control field 930318s1992 nyumun i d
010 ## - LIBRARY OF CONGRESS CONTROL NUMBER
LC control number 93706142
020 ## - INTERNATIONAL STANDARD BOOK NUMBER
Terms of availability $11.98
024 1# - OTHER STANDARD IDENTIFIER
Standard number or code 074644703627
028 02 - PUBLISHER OR DISTRIBUTOR NUMBER
Publisher or distributor number CK 47036
Source Columbia
033 1# - DATE/TIME AND PLACE OF AN EVENT
Formatted date/time 19700407
-- 19701111
035 ## - SYSTEM CONTROL NUMBER
System control number (OCoLC)25760623
040 ## - CATALOGING SOURCE
Original cataloging agency IBrS
Transcribing agency DLC
Modifying agency DLC
042 ## - AUTHENTICATION CODE
Authentication code lccopycat
047 ## - FORM OF MUSICAL COMPOSITION CODE
Form of musical composition code jz
-- mp
050 00 - LIBRARY OF CONGRESS CALL NUMBER
Classification number SDB 06096
100 ## - MAIN ENTRY--PERSONAL NAME
Personal name Davis, Miles,
Dates associated with a name 1926-
245 12 - TITLE STATEMENT
Title A tribute to Jack Johnson
Medium [sound recording] /
Statement of responsibility, etc. Miles Davis.
260 ## - PUBLICATION, DISTRIBUTION, ETC.
Place of publication, distribution, etc. New York, N.Y. :
Name of publisher, distributor, etc. Columbia,
Date of publication, distribution, etc. [1992]
300 ## - PHYSICAL DESCRIPTION
Extent 1 sound disc (53 min.) :
Other physical details digital ;
Dimensions 4 3/4 in.
440 #0 - SERIES STATEMENT/ADDED ENTRY--TITLE
Title Columbia jazz contemporary masters
9 (RLIN) 114
500 ## - GENERAL NOTE
General note Originally released as a motion picture soundtrack in 1971.
500 ## - GENERAL NOTE
General note Compact disc.
500 ## - GENERAL NOTE
General note Program notes (6 p. ; 12 cm.) inserted in container.
505 0# - FORMATTED CONTENTS NOTE
Formatted contents note Right off -- Yesternow.
511 0# - PARTICIPANT OR PERFORMER NOTE
Participant or performer note Miles Davis, trumpet ; Herbie Hancock, electric piano, organ ; John McLaughlin, guitar ; Billy Cobham, drums ; Steve Grossman, soprano sax ; Michael Henderson, bass.
518 ## - DATE/TIME AND PLACE OF AN EVENT NOTE
Date/time and place of an event note Recorded Apr. 7 and Nov. 11, 1970.
650 #0 - SUBJECT ADDED ENTRY--TOPICAL TERM
Topical term or geographic name entry element Trumpet with jazz ensemble.
9 (RLIN) 115
650 #0 - SUBJECT ADDED ENTRY--TOPICAL TERM
Topical term or geographic name entry element Jazz
Chronological subdivision 1971-1980.
650 #0 - SUBJECT ADDED ENTRY--TOPICAL TERM
Topical term or geographic name entry element Motion picture music.
9 (RLIN) 727
730 0# - ADDED ENTRY--UNIFORM TITLE
Uniform title Jack Johnson (Motion picture)
9 (RLIN) 116
906 ## - LOCAL DATA ELEMENT F, LDF (RLIN)
a 7
b cbc
c copycat
d 4
e ncip
f 19
g y-genmusic
942 ## - ADDED ENTRY ELEMENTS (KOHA)
Source of classification or shelving scheme Dewey Decimal Classification
Koha item type Books
Holdings
Withdrawn status Lost status Damaged status Not for loan Collection Home library Current library Shelving location Date acquired Barcode Date last seen Price effective from Koha item type
        Reference Fairview Fairview Audio visual 09/04/2014 39999000003857 09/04/2014 09/04/2014 Music